Top 5 WAR Players for Every MLB Team - Statistics

General Stats
  • This quiz has been taken 88 times
  • The average score is 103 of 150
Answer Stats
Team WAR Years Position Answer % Correct
Atlanta Braves 142.5 1954-1974 RF Hank Aaron
97%
Miami Marlins 25.7 2005-2012 P Josh Johnson
95%
Arizona Diamondbacks 50.9 1999-2004, 2007-2008 P Randy Johnson
95%
Seattle Mariners 39.0 1989-1998 P Randy Johnson
95%
Minnesota Twins 164.9 1907-1927 P Walter Johnson
95%
Chicago Cubs 61.7 1959-1974 LF Billy Williams
94%
Boston Red Sox 122.0 1939-1942, 1946-1960 LF Ted Williams
94%
New York Yankees 143.2 1920-1934 OF Babe Ruth
92%
Baltimore Orioles 78.5 1955-1977 3B Brooks Robinson
92%
Baltimore Orioles 95.9 1981-2001 SS Cal Ripken Jr.
92%
Cincinnati Reds 63.7 1956-1965 OF Frank Robinson
92%
Los Angeles Dodgers 61.7 1947-1956 2B Jackie Robinson
92%
San Francisco Giants 112.5 1993-2007 LF Barry Bonds
90%
Los Angeles Dodgers 75.9 2008-Present P Clayton Kershaw
90%
New York Yankees 113.6 1923-1939 1B Lou Gehrig
90%
New York Yankees 110.2 1951-1968 CF Mickey Mantle
90%
New York Yankees 71.3 1995-2014 SS Derek Jeter
89%
Philadelphia Phillies 106.8 1972-1989 3B Mike Schmidt
89%
St. Louis Cardinals 65.9 1982-1996 SS Ozzie Smith
89%
San Diego Padres 69.2 1982-2001 RF Tony Gwynn
89%
St. Louis Cardinals 88.7 2001-2011, 2022 1B Albert Pujols
87%
Boston Red Sox 96.5 1961-1983 LF Carl Yastrzemski
87%
Boston Red Sox 66.7 1901-1908 P Cy Young
87%
Seattle Mariners 49.7 2005-2019 P Felix Hernandez
87%
New York Yankees 79.2 1936-1942, 1946-1951 CF Joe DiMaggio
87%
Cincinnati Reds 64.3 2007-2023 1B Joey Votto
87%
Cincinnati Reds 75.1 1967-1983 C Johnny Bench
87%
Seattle Mariners 70.6 1989-1999, 2009-2010 CF Ken Griffey Jr.
87%
Cincinnati Reds 78.1 1963-1978, 1984-1986 OF/1B Pete Rose
87%
Colorado Rockies 61.8 1997-2013 1B Todd Helton
87%
New York Mets 49.2 2004-2016, 2018 3B David Wright
85%
Seattle Mariners 68.4 1987-2004 DH/3B Edgar Martinez
85%
Tampa Bay Rays 51.2 2008-2017 3B Evan Longoria
85%
Chicago White Sox 68.3 1990-2005 DH/1B Frank Thomas
85%
Miami Marlins 35.7 2010-2017 RF Giancarlo Stanton
85%
Texas Rangers 50.0 1991-2002, 2009 C Ivan Rodriguez
85%
New York Mets 43.8 2014-2022 P Jacob deGrom
85%
Los Angeles Angels 82.4 2011-Present CF Mike Trout
85%
Colorado Rockies 40.1 2013-2020 3B Nolan Arenado
85%
Pittsburgh Pirates 94.8 1955-1972 RF Roberto Clemente
85%
San Francisco Giants 154.5 1951-1952, 1954-1972 CF Willie Mays
85%
Milwaukee Brewers 77.4 1974-1993 SS/OF Robin Yount
84%
St. Louis Cardinals 89.2 1959-1975 P Bob Gibson
82%
Houston Astros 65.5 1988-2007 2B Craig Biggio
82%
Atlanta Braves 94.1 1952-1966 3B Eddie Mathews
82%
Washington Nationals 55.8 1974-1984, 1992 C Gary Carter
82%
Kansas City Royals 88.6 1973-1993 3B George Brett
82%
Houston Astros 79.9 1991-2005 1B Jeff Bagwell
82%
Arizona Diamondbacks 30.0 1996-2006 LF Luis Gonzalez
82%
Boston Red Sox 80.8 1984-1996 P Roger Clemens
82%
Milwaukee Brewers 47.1 2007-2020 LF Ryan Braun
82%
St. Louis Cardinals 128.6 1941-1944, 1946-1963 OF/1B Stan Musial
82%
New York Mets 78.8 1967-1977, 1983 P Tom Seaver
82%
Boston Red Sox 71.9 1982-1992 3B Wade Boggs
82%
Pittsburgh Pirates 120.1 1900-1917 SS Honus Wagner
81%
Minnesota Twins 55.2 2004-2018 C/1B Joe Mauer
81%
Colorado Rockies 48.3 1995-2004 RF Larry Walker
81%
Oakland Athletics 72.7 1979-1984, 1989-1995, 1998 LF Rickey Henderson
81%
Texas Rangers 41.1 2011-2018 3B Adrian Beltre
79%
Cincinnati Reds 70.5 1986-2004 SS Barry Larkin
79%
Seattle Mariners 56.4 2001-2012, 2018-2019 RF Ichiro Suzuki
79%
Toronto Blue Jays 48.0 1998-2009 P Roy Halladay
79%
Philadelphia Phillies 69.4 1972-1986 P Steve Carlton
79%
Detroit Tigers 145.0 1905-1926 CF Ty Cobb
79%
Pittsburgh Pirates 57.5 1962-1982 LF Willie Stargell
79%
Chicago Cubs 67.7 1953-1971 1B Ernie Banks
77%
Los Angeles Angels 40.2 1972-1979 P Nolan Ryan
77%
Washington Nationals 40.2 2015-2021 P Max Scherzer
76%
Arizona Diamondbacks 39.9 2011-2018 1B Paul Goldschmidt
76%
Milwaukee Brewers 59.9 1978-1992 DH/3B Paul Molitor
76%
Colorado Rockies 39.5 2006-2015 SS Troy Tulowitzki
76%
Detroit Tigers 92.9 1953-1974 RF Al Kaline
74%
Philadelphia Phillies 62.0 2003-2015 2B Chase Utley
74%
San Francisco Giants 106.7 1900-1916 P Christy Mathewson
74%
Baltimore Orioles 56.6 1977-1988, 1996 1B Eddie Murray
74%
Minnesota Twins 60.4 1954-1974 1B/3B/OF Harmon Killebrew
74%
Baltimore Orioles 68.5 1965-1967, 1969-1984 P Jim Palmer
74%
St. Louis Cardinals 91.8 1915-1926, 1933-1937 2B Rogers Hornsby
74%
Los Angeles Dodgers 65.3 1947-1962 CF Duke Snider
73%
Minnesota Twins 63.8 1967-1978 1B/2B Rod Carew
73%
Chicago Cubs 68.1 1982-1994, 1996-1997 2B Ryne Sandberg
73%
Arizona Diamondbacks 25.3 2000-2003 P Curt Schilling
71%
New York Mets 46.4 1984-1994 P Dwight Gooden
71%
Oakland Athletics 61.2 1925-1935 1B Jimmie Foxx
71%
Toronto Blue Jays 38.3 2008-2017 RF Jose Bautista
71%
Cleveland Guardians 63.5 1936-1941, 1945-1956 P Bob Feller
69%
San Francisco Giants 110.8 1926-1947 RF Mel Ott
69%
Los Angeles Dodgers 68.4 1940-1942, 1946-1958 SS Pee Wee Reese
69%
Detroit Tigers 70.7 1977-1996 SS Alan Trammell
68%
Washington Nationals 48.3 1976-1986 CF/RF Andre Dawson
68%
San Diego Padres 32.0 1973-1980 RF Dave Winfield
66%
Miami Marlins 26.9 2006-2012 SS Hanley Ramirez
66%
Cleveland Guardians 79.6 1902-1914 2B Nap Lajoie
66%
Washington Nationals 49.1 1979-1990, 2001 LF Tim Raines
66%
San Diego Padres 25.8 1994-2008 P Trevor Hoffman
66%
Atlanta Braves 99.3 1942, 1946-1964 P Warren Spahn
66%
Kansas City Royals 40.7 1984-1991 P Bret Saberhagen
65%
Los Angeles Dodgers 67.1 1956-1969 P Don Drysdale
65%
Chicago Cubs 72.1 1960-1973 3B Ron Santo
65%
Chicago Cubs 84.7 1876-1897 1B Cap Anson
63%
Toronto Blue Jays 36.8 1993-2004 1B Carlos Delgado
63%
Tampa Bay Rays 21.2 2008-2014 P David Price
63%
San Diego Padres 26.8 2002-2009 P Jake Peavy
63%
Houston Astros 48.1 1999-2010 OF/1B Lance Berkman
63%
Philadelphia Phillies 61.2 1911-1917, 1930 P Pete Alexander
63%
Atlanta Braves 88.5 1964-1983, 1987 P Phil Niekro
63%
Texas Rangers 44.6 1989-1993, 1999-2003 1B Rafael Palmeiro
63%
Tampa Bay Rays 35.6 2002-2010 LF Carl Crawford
61%
Toronto Blue Jays 56.8 1979-1992, 1998 P Dave Stieb
61%
Cleveland Guardians 74.8 1916-1926 CF Tris Speaker
61%
Chicago White Sox 67.0 1915-1926 2B Eddie Collins
60%
Oakland Athletics 57.4 1906-1914, 1927-1930 2B Eddie Collins
60%
Toronto Blue Jays 37.5 1983-1990, 1993, 1999, 2001 SS Tony Fernandez
58%
Arizona Diamondbacks 31.1 2003-2009 P Brandon Webb
56%
Los Angeles Angels 40.5 1992-2004, 2006 RF Tim Salmon
56%
Detroit Tigers 75.1 1977-1995 2B Lou Whitaker
55%
Chicago White Sox 77.6 1930-1943, 1945-1950 SS Luke Appling
53%
Philadelphia Phillies 71.9 1948-1961 P Robin Roberts
53%
Colorado Rockies 26.8 2016-2021 SS Trevor Story
53%
Kansas City Royals 42.5 1976-1990 OF Willie Wilson
53%
Texas Rangers 35.0 2006-2013 2B Ian Kinsler
52%
Oakland Athletics 64.8 1925-1933 P Lefty Grove
52%
Tampa Bay Rays 35.3 2006-2014 2B/OF Ben Zobrist
50%
Texas Rangers 36.3 1979-1985, 1989 3B Buddy Bell
48%
Miami Marlins 20.8 2003-2007 P Dontrelle Willis
47%
Houston Astros 51.4 1975-1987 OF Jose Cruz
47%
Detroit Tigers 84.8 1924-1942 2B Charlie Gehringer
45%
Pittsburgh Pirates 70.1 1926-1940 RF Paul Waner
45%
Milwaukee Brewers 30.7 1977-1987 1B Cecil Cooper
42%
Kansas City Royals 44.8 1970-1984 CF Amos Otis
39%
Oakland Athletics 77.2 1901-1914 P Eddie Plank
39%
New York Mets 36.9 1967-1978 P Jerry Koosman
39%
Cleveland Guardians 62.0 1938-1950 SS Lou Boudreau
39%
Pittsburgh Pirates 67.6 1932-1941 SS Arky Vaughan
37%
Los Angeles Angels 51.8 1986-1999 P Chuck Finley
37%
Baltimore Orioles 54.7 1915-1927 1B George Sisler
37%
Tampa Bay Rays 31.8 2013-2022 CF Kevin Kiermaier
37%
Los Angeles Angels 45.9 1961-1971 SS Jim Fregosi
35%
Atlanta Braves 107.2 1890-1901 P Kid Nichols
35%
Minnesota Twins 53.9 1915-1933 RF Sam Rice
32%
San Francisco Giants 68.5 1928-1943 P Carl Hubbell
31%
Washington Nationals 44.7 1973-1985 P Steve Rogers
31%
Houston Astros 49.6 1970-1981 CF Cesar Cedeno
29%
Kansas City Royals 47.0 1989-1999, 2003-2004 P Kevin Appier
29%
Miami Marlins 22.4 1996-2005 2B Luis Castillo
27%
Milwaukee Brewers 30.3 1985-1991, 1993-1994 P Teddy Higuera
27%
Chicago White Sox 70.5 1923-1942, 1946 P Ted Lyons
24%
Chicago White Sox 65.9 1904-1916 P Ed Walsh
15%
San Diego Padres 22.6 1993-1999, 2004 P Andy Ashby
5%
Cleveland Guardians 53.2 1916-1924 P Stan Covelski
0%
No matching quizzes found
Score Distribution
Percent of People with Each Score
Percentile by Number Answered
Your Score History
You have not taken this quiz